Lectures in abstract algebra / (Record no. 6695)
[ view plain ]
| 000 -LEADER | |
|---|---|
| fixed length control field | 00740nam a22002411 4500 |
| 001 - CONTROL NUMBER | |
| control field | 6695 |
| 003 - CONTROL NUMBER IDENTIFIER | |
| rucl marc code | BD-RjUL |
| 005 - DATE AND TIME OF LATEST TRANSACTION | |
| control field | 20211208234308.0 |
| 008 - FIXED-LENGTH DATA ELEMENTS--GENERAL INFORMATION | |
| fixed length control field | 140112m19661951nyua 00100 eng d |
| 035 ## - SYSTEM CONTROL NUMBER | |
| System control number | (BD-RjUL)6736 |
| 040 ## - CATALOGING SOURCE | |
| Original cataloging agency | DLC |
| Transcribing agency | DLC |
| Modifying agency | BOS |
| -- | BD-RjUL |
| Language of cataloging | eng |
| 041 ## - LANGUAGE CODE | |
| Language code of text/sound track or separate title | eng |
| 082 00 - DEWEY DECIMAL CLASSIFICATION NUMBER | |
| Classification number | 512.02 |
| Author mark and year | JAL 1966 |
| 100 1# - MAIN ENTRY--PERSONAL NAME | |
| Personal name | Jacobson, Nathan, |
| Dates associated with a name | 1910- |
| 9 (RLIN) | 21045 |
| 245 10 - TITLE STATEMENT | |
| Title | Lectures in abstract algebra / |
| Statement of responsibility, etc. | by Nathan Jacobson |
| 260 ## - PUBLICATION, DISTRIBUTION, ETC. (IMPRINT) | |
| Place of publication, distribution, etc. | New York : |
| Name of publisher, distributor, etc. | Van Nostrand, |
| Date of publication, distribution, etc. | 1951 [reprinted 1971]. |
| 300 ## - PHYSICAL DESCRIPTION | |
| Pagination | v : |
| Illustrations | diagrs. |
| Size | 24 cm. |
| 490 0# - SERIES STATEMENT | |
| Series statement | The University series in higher mathematics. |
| 504 ## - BIBLIOGRAPHY, ETC. NOTE | |
| Bibliography, etc | Includes index. |
| 505 0# - FORMATTED CONTENTS NOTE | |
| Formatted contents note | v. 1. Basic concepts.--v. 2. Linear algebra.-- |
| 650 #0 - SUBJECT ADDED ENTRY--TOPICAL TERM | |
| Topical term or geographic name as entry element | Algebra, Abstract. |
| 9 (RLIN) | 21046 |
| 942 ## - ADDED ENTRY ELEMENTS (KOHA) | |
| Source of classification or shelving scheme | Dewey Decimal Classification |
| Koha item type | Books |
| Lost status | Source of classification or shelving scheme | Damaged status | Not for loan | Collection code | Permanent Location | Current Location | Shelving location | Date acquired | Source of acquisition | Cost, normal purchase price | Total Checkouts | Full call number | Date last seen | Copy number | Koha item type |
|---|---|---|---|---|---|---|---|---|---|---|---|---|---|---|---|
| Dewey Decimal Classification | Non-fiction | Central Library, University of Rajshahi | Central Library, University of Rajshahi | 13/05/1970 | Zeithlinger. | 164.00 | 512.02 JAL V-1 1966 | 12/01/2014 | C-5 | Books | |||||
| Dewey Decimal Classification | Non-fiction | Central Library, University of Rajshahi | Central Library, University of Rajshahi | 13/05/1970 | Zeithlinger. | 164.00 | 512.02 JAL V-1 1966 | 12/01/2014 | C-6 | Books | |||||
| Dewey Decimal Classification | Non-fiction | Central Library, University of Rajshahi | Central Library, University of Rajshahi | 06/07/1976 | OSIS | 512.02 JAL V-2 1965 | 27/08/2016 | C-2 | Books | ||||||
| Dewey Decimal Classification | Non-fiction | Central Library, University of Rajshahi | Central Library, University of Rajshahi | 07/07/1976 | USIS | 512.02 JAL V-1 1971 | 27/08/2016 | C-2 | Books | ||||||
| Dewey Decimal Classification | Non-fiction | Central Library, University of Rajshahi | Central Library, University of Rajshahi | 07/07/1976 | USIS | 512.02 JAL V-1 1971 | 27/08/2016 | C-3 | Books | ||||||
| Dewey Decimal Classification | Non-fiction | Central Library, University of Rajshahi | Central Library, University of Rajshahi | 02/02/1963 | Zeitlinger | 52.06 | 512.02 JAL V-2 1953 | 17/11/2016 | C-3 | Books | |||||
| Dewey Decimal Classification | Non-fiction | Central Library, University of Rajshahi | Central Library, University of Rajshahi | 13/05/1970 | Zeitlinger | 164.00 | 512.02 JAL V-1 1966 | 17/11/2016 | C-7 | Books | |||||
| Dewey Decimal Classification | Not For Loan | Non-fiction | Central Library, University of Rajshahi | Central Library, University of Rajshahi | Reading Room | 10/12/1962 | Zeitlinger | 46.60 | 512.02 JAL V-1 1961 | 18/04/2017 | C-1 | Books |